| 000 -CABECERA |
| campo de control de longitud fija |
00651nam a2200229 a 4500 |
| 001 - NÚMERO DE CONTROL |
| campo de control |
000061881 |
| 005 - FECHA Y HORA DE LA ÚLTIMA TRANSACCIÓN |
| campo de control |
20200120224130.0 |
| 008 - DATOS DE LONGITUD FIJA--INFORMACIÓN GENERAL |
| campo de control de longitud fija |
010809s1970 sp er| 000 0 spa d |
| 041 ## - CÓDIGO DE LENGUA |
| Código de lengua del texto/banda sonora o título independiente |
Nspa |
| 043 ## - CÓDIGO DE ÁREA GEOGRÁFICA |
| Código de área geográfica |
s-p---- |
| 090 ## - LOCALMENTE ASIGNADO TIPO-LC NÚMERO DE CLASIFICACIÓN (OCLC); NÚMERO DE CLASIFICACIÓN LOCAL (RLIN) |
| Número de clasificación (OCLC) (R) ; Numero de clasificación, CALL (RLIN) (NR) |
AT |
| Número cutter local (OCLC) ; Número de libro/Signatura topográfica íntegra, CALL (RLIN) |
CAL Salvat |
| 100 0# - ENTRADA PRINCIPAL--NOMBRE DE PERSONA |
| Nombre de persona |
Calderón de la Barca, Pedro |
| 245 13 - MENCIÓN DE TÍTULO |
| Título |
La vida es un sueño / |
| Mención de responsabilidad, etc. |
Pedro Calderón de la Barca. |
| 250 ## - MENCIÓN DE EDICIÓN |
| Mención de edición |
1ed. |
| 260 ## - PUBLICACIÓN, DISTRIBUCIÓN, ETC. |
| Lugar de publicación, distribución, etc. |
[Navarra] : |
| Nombre del editor, distribuidor, etc. |
Salvat editores, |
| Fecha de publicación, distribución, etc. |
1970. |
| 300 ## - DESCRIPCIÓN FÍSICA |
| Extensión |
196 p. ; |
| Dimensiones |
19 cm. |
| 490 #0 - MENCIÓN DE SERIE |
| Mención de serie |
Biblioteca básica Salvat |
| Designación de volumen o secuencia |
32 |
| 650 17 - PUNTO DE ACCESO ADICIONAL DE MATERIA--TÉRMINO DE MATERIA |
| Término de materia o nombre geográfico como elemento de entrada |
Literatura española |
| Fuente del encabezamiento o término |
LEMB |
| 650 27 - PUNTO DE ACCESO ADICIONAL DE MATERIA--TÉRMINO DE MATERIA |
| Término de materia o nombre geográfico como elemento de entrada |
Teatro español |
| Fuente del encabezamiento o término |
LEMB |
| 650 27 - PUNTO DE ACCESO ADICIONAL DE MATERIA--TÉRMINO DE MATERIA |
| Término de materia o nombre geográfico como elemento de entrada |
Comedia |
| Fuente del encabezamiento o término |
LEMB |
| 650 27 - PUNTO DE ACCESO ADICIONAL DE MATERIA--TÉRMINO DE MATERIA |
| Término de materia o nombre geográfico como elemento de entrada |
Literatura adulto |
| Fuente del encabezamiento o término |
LEMB |
| 952 ## - LOCALIZACIÓN E INFORMACIÓN DEL ÍTEM/UNIDAD FÍSICA (KOHA) |
| -- |
Descartado |